000 00642nam a2200241Ia 4500
003 OSt
005 20221006145446.0
006 a|||||r|||| 00| 0
007 ta
008 221006b |||||||| |||| 00| 0 eng d
024 _a14,890
037 _bGift,
_cTextual
040 _aEASL
_cEASL
_beng
041 _2eng
_aeng
082 _aO41,3N14, M0;1
100 _aBIN Liang Au.
_9654512
245 0 _aKeep the red flag flying
260 _aBeijing
_bForeign Languages Press
_c1980
300 _a479p.
_ccm.
490 _v CEL
942 _hO41,3N14, M0;1
_cTEXL
_2CC
999 _c1082976
_d1082976